000 00908nam a22001817a 4500
003 NUST
005 20260105180318.0
082 _a621.382,AUR
100 _aAurangzeb, Haider
_9125994
245 _aDigital Wireless Communication Hardware Co-Simulation (DWCHCS) /
_cHaider Aurangzeb, Usama Kabir, Shahzeb Hashmat and Zain Ali.
260 _aRawalpindi
_bMCS (NUST)
_c2024
300 _a62 p.;
505 _aIntroduction (Page-1), Literature Review (Page-9), Transmission of Signal (Page-15), Transmission of .jpeg File (Page-21), Transmission Of .wav File (Page-25), Implementation of Error Correction (Page-33), Implementation of Checksum (Page-36), Implementation of Channel Coding (Page-39), Receiving Unknown Digital Signals (Page-42), Conclusion (Page-45).
650 _aUG EE Project
_9118090
651 _aBEE-57
_9125983
700 _aSupervised by Dr. Faisal Akram
_9132720
942 _2ddc
_cPR
999 _c611740
_d611740